000 00421nam a2200145Ia 4500
008 231129s2016||||xx |||||||||||||| ||spa||
020 _a978-958-771-423-4
040 _bspa
082 _a347.86105 C718c
100 _aColombia [Código general del proceso]
245 0 _aCódigo general del proceso
260 _c2016
264 _aBogotá Colombia : Ecoe Ediciones
942 _2ddc
_cBKS
999 _c7142
_d7142